| 000 | 00951nam a2200289 4500 | ||
|---|---|---|---|
| 001 | 1244189 | ||
| 003 | OSt | ||
| 005 | 20230620095225.0 | ||
| 008 | 731205s1973 inu bs 001 0 eng | ||
| 010 | _a 72085854 | ||
| 020 | _a0253338700 | ||
| 040 |
_aDLC _cDLC _dDLC |
||
| 043 | _aa-le--- | ||
| 082 | 0 | 0 |
_a309.23 _bSAL |
| 100 | 1 | _aSalem, Elie Adib. | |
| 245 | 1 | 0 |
_aModernization without revolution; _bLebanon's experience. |
| 260 |
_aBloomington, _bIndiana University Press _c[1973] |
||
| 300 |
_axiv, 174 p. _c22 cm. |
||
| 490 | 1 | _aInternational Development Research Center, Indiana University. Studies in development, no. 6 | |
| 504 | _aIncludes bibliographical references. | ||
| 651 | 0 |
_aLebanon _xPolitics and government. |
|
| 651 | 0 |
_aLebanon _xEconomic policy. |
|
| 651 | 0 |
_aLebanon _xSocial policy. |
|
| 830 | 0 |
_aStudies in development (Bloomington) _vno. 6. |
|
| 906 |
_a7 _bcbc _corignew _d2 _eopcn _f19 _gy-gencatlg |
||
| 942 |
_2ddc _cBK |
||
| 999 |
_c1517 _d1517 |
||